Доменный газ как топливо на металлургическом заводе; Научная конференция по изучению и освоению производительных сил Сибири

Bibliografiske detaljer
Parent link:Научная конференция по изучению и освоению производительных сил Сибири.— 1939.— С. 165-166
Hovedforfatter: Норкин Н. Н.
Sprog:russisk
Udgivet: 1939
Fag:
Format: Book Chapter
KOHA link:https://koha.lib.tpu.ru/cgi-bin/koha/opac-detail.pl?biblionumber=592252

MARC

LEADER 00000naa0a2200000 4500
001 592252
005 20250828130726.0
035 |a (RuTPU)RU\TPU\tpu\3796 
035 |a TPU00003796 
090 |a 592252 
100 |a 20011210d1939 k||y0rusy50 ca 
101 0 |a rus 
102 |a RU 
200 1 |a Доменный газ как топливо на металлургическом заводе  |f Н. Н. Норкин 
463 1 |t Научная конференция по изучению и освоению производительных сил Сибири  |v С. 165-166  |o тезисы докладов  |d 1939 
610 1 |a энергетика 
610 1 |a труды учёных ТПУ 
610 1 |a теплотехника 
610 1 |a паротехника 
610 1 |a двигатели внутреннего сгорания 
610 1 |a водяные двигатели 
610 1 |a хладотехника 
700 1 |a Норкин  |b Н. Н. 
801 0 |a RU  |b 63413507  |c 20011210  |g PSBO 
801 2 |a RU  |b 63413507  |c 20070503  |g PSBO 
942 |c BK